000 02274nam0a2200385 4500
001 RU\NLR\BIBL_A\011930849
005 20190327093515.0
010 _a978-5-9669-1823-1
_9500
021 _aRU
_bКН-П-18-101465
_9КН-П-18-7352
035 _a(NLR Aleph) 011930849
035 _a(RuMoRGB)009851199
090 _a11037935
_c11037935
100 _a20190207d2018 k y0rusy50 ca
101 0 _arus
102 _aRU
105 _aa|||z|||000zy
200 1 _aМоделирование неравновесных химико-физических процессов
_eмонография
_f[В. А. Михайлова, С. В. Феськов, А. И. Иванов и др.]
_gМинистерство науки и высшего образования Российской Федерации, Федеральное государственное бюджетное образовательное учреждение высшего образования "Волгоградский государственный университет"
210 _aВолгоград
_cВолгоградский государственный университет
_d2018
215 _a254, [1] с.
_cил., табл.
_d21
300 _aАвт. указаны на обороте тит. л.
320 _aБиблиогр. в конце гл.
606 1 _aФизико-химические процессы неравновесные
_91896094
_3RU\NLR\AUTH\661152917
606 1 _aМолекулярная электроника
_91156625
_3RU\NLR\AUTH\66144171
686 1 _aГ542.03
686 1 _aЗ844.1
701 1 _aМихайлова
_bВ. А.
_cд-р физ.-мат. наук
_gВалентина Александровна
_9203407
_3RU\NLR\AUTH\770203458
701 1 _aФеськов
_bС. В.
_gСергей Владимирович
701 1 _7ca
_8rus
_aИванов
_bА. И.
_cд-р физ.-мат. наук
_f1951-
_gАнатолий Иванович
_939178
_3RU\NLR\AUTH\7756246
712 0 2 _4475
_aВолгоградский государственный университет
_9339574
_3RU\NLR\AUTH\889921739
942 _cBOOK
980 _aNBR
980 _aNB